000
00217nam a22000857a 4500
008
160712b xxu||||| |||| 00| 0 eng d
100
_9
2629
_a
Dahmen, J
245
_a
I Love Life
260
_a
Tennessee
_b
Broadman Press
_c
1989
999
_c
2283
_d
2283